Which Letter Was Added? - Countries #3 - Statistics

General Stats
  • This quiz has been taken 19 times
  • The average score is 12 of 20
Answer Stats
Hint Answer % Correct
Italay A
100%
Anngola N
94%
Morrocco R
88%
Thaiwan H
81%
Mexicco C
75%
Jamaicka K
75%
Irelland L
75%
Montennegro N
75%
Pourtugal U
75%
Hungarry R
69%
Aurgentina U
63%
Maddagascar D
56%
Nigerria R
56%
Afghanistain I
50%
Luxembourgh H
44%
Somallia L
38%
Neypal Y
38%
Camboadia A
31%
Estonnia N
31%
Costa Ricka K
25%
No matching quizzes found
Score Distribution
Percent of People with Each Score
Percentile by Number Answered
Your Score History
You have not taken this quiz